A propósito de la Ley de Medio ambiente

Enregistré dans:
Détails bibliographiques
Format: Texte
Sujets:
Tags: Ajouter un tag
Pas de tags, Soyez le premier à ajouter un tag!

MARC

LEADER 00000 a a2200000 04500
001 6211
003
040
245 |a A propósito de la Ley de Medio ambiente  
650 |a MEDIO AMBIENTE  
650 |a LEGISLACION  
650 |a GRUPOS DE INTERESES  
650 |a PARTIDOS POLITICOS  
650 |a SECTOR PRIVADO  
650 |a RECURSOS NATURALES  
650 |a ESTADO  
650 |a DESARROLLO SUSTENTABLE  
773 |g volumen 18, número 796; páginas 11-13  
999 |c 33905  |d 33905